Hagan and bruner's infectious deseases of domestic animals

שמור ב:
מידע ביבליוגרפי
מחבר ראשי: Gillespie, James Howard
פורמט: ספר
שפה:Undetermined
יצא לאור: Athaca Cornell university press 1961
נושאים:
תגים: הוספת תג
אין תגיות, היה/י הראשונ/ה לתייג את הרשומה!
Thư viện lưu trữ: Trung tâm Học liệu Trường Đại học Cần Thơ
LEADER 00581nam a2200181Ia 4500
001 CTU_126054
008 210402s9999 xx 000 0 und d
082 |a 636.0896 
082 |b G478 
100 |a Gillespie, James Howard 
245 0 |a Hagan and bruner's infectious deseases of domestic animals 
245 0 |c James Howard Gillespie, John Francis Timoney 
260 |a Athaca 
260 |b Cornell university press 
260 |c 1961 
650 |a Veterinary internal medicine,Veterinary surgery 
904 |i Hiếu 
980 |a Trung tâm Học liệu Trường Đại học Cần Thơ